Sports Quiz

Random Sports or World Quiz

World Series Shutouts Quiz Stats

 Plays Quiz not verified by Sporcle

Challenge
Share
Tweet
Embed
Score 0/91 Timer 10:00
0 Plays Today
Date Pitcher % Correct
10/11/1965Sandy Koufax
94.7%
10/14/1965Sandy Koufax
94.7%
10/11/1925Walter Johnson
93.8%
10/28/2001Randy Johnson
93.8%
10/8/1960Whitey Ford
92%
10/12/1960Whitey Ford
92%
10/4/1961Whitey Ford
92%
10/8/1961Whitey Ford
92%
10/8/1967Bob Gibson
90.3%
10/2/1968Bob Gibson
90.3%
19/5/1963Don Drysdale
84.1%
10/8/1956Don Larsen
83.2%
10/6/1966Jim Palmer
83.2%
10/9/1905Christy Mathewson
81.4%
10/12/1905Christy Mathewson
81.4%
10/14/1905Christy Mathewson
81.4%
10/8/1913Christy Mathewson
81.4%
10/27/1991Jack Morris
81.4%
10/14/1989Dave Stewart
80.5%
10/18/1988Orel Hershiser
78.8%
9/5/1918Babe Ruth
75.2%
10/27/1985Bret Saberhagen
74.3%
10/5/1958Warren Spahn
73.5%
10/21/1993Curt Schilling
73.5%
10/25/2003Josh Beckett
72.6%
10/9/1966Dave McNally
67.3%
10/11/1975Luis Tiant
64.6%
10/9/1934Dizzy Dean
61.1%
10/23/1985John Tudor
55.8%
10/7/1957Lew Burdette
54%
10/10/1957Lew Burdette
54%
Date Pitcher % Correct
10/12/1906Mordecai Brown
52.2%
10/12/1907Mordecai Brown
52.2%
10/13/1908Mordecai Brown
52.2%
10/5/1967Jim Lonborg
52.2%
10/5/1949Allie Reynolds
50.4%
10/4/1952Allie Reynolds
50.4%
10/4/1955Johnny Podres
50.4%
10/6/1948Johnny Sain
46%
10/6/1921Waite Hoyt
42.5%
10/11/1906Ed Walsh
39.8%
10/16/1983Scott McGregor
39.8%
10/16/1962Ralph Terry
38.9%
10/10/1905Chief Bender
38.1%
10/6/1958Bob Turley
37.2%
10/13/1905Joe McGinnity
35.4%
10/9/1965Claude Osteen
35.4%
10/8/1944Mort Cooper
34.5%
10/4/1950Vic Raschi
31%
10/12/1920Stan Coveleski
27.4%
10/14/1908Orval Overall
25.7%
10/6/1920Burleigh Grimes
25.7%
10/7/1940Bucky Walters
25.7%
10/12/1982Mike Caldwell
25.7%
10/16/1909Babe Adams
24.8%
10/7/1946Harry Brecheen
23.9%
10/8/1966Wally Bunker
23.9%
10/5/1921Carl Mays
23%
10/10/1956Johnny Kucks
21.2%
10/11/1943Spud Chandler
20.4%
10/6/1931George Earnshaw
19.5%
10/9/1956Clem Labine
19.5%
Date Pitcher % Correct
10/14/1971Nelson Briles
19.5%
10/5/1926Jesse Haines
18.6%
10/8/1948Gene Bearden
18.6%
10/9/1949Preacher Roe
18.6%
10/2/1903Bill Dinneen
17.7%
10/13/1903Bill Dinneen
17.7%
10/3/1942Ernie White
17.7%
10/5/1962Jack Sanford
17.7%
10/6/1940Bobo Newsom
16.8%
10/3/1919Dickey Kerr
15.9%
10/12/1909George Mullin
12.4%
9/10/1918Hippo Vaughn
12.4%
10/5/1945Claude Passeau
12.4%
10/2/1935Lon Warneke
11.5%
10/10/1914Bill James
10.6%
10/9/1946Boo Ferriss
10.6%
10/13/1921Art Nehf
9.7%
10/12/1923Art Nehf
9.7%
10/6/1919Hod Eller
8.8%
10/5/1939Monte Pearson
8%
10/3/1945Hank Borowy
8%
10/10/1917Rube Benton
7.1%
10/4/1919Jimmy Ring
7.1%
10/11/1920Walter Mails
6.2%
10/6/1922Jack Scott
6.2%
10/4/1930Bill Hallahan
5.3%
10/2/1931Bill Hallahan
5.3%
10/11/1917Ferdie Schupp
4.4%
10/5/1933Earl Whitehill
4.4%

You're not logged in!

Compare scores with friends on all Sporcle quizzes.
OR
Log In

You Might Also Like...

Show Comments

Extras

Top Quizzes Today


Score Distribution

Your Account Isn't Verified!

In order to create a playlist on Sporcle, you need to verify the email address you used during registration. Go to your Sporcle Settings to finish the process.

Report this User

Report this user for behavior that violates our Community Guidelines.

Details: